000 00380nam a2200169Ia 4500
001 14916
003 IN-NITTTR
005 20251114233140.0
008 251113s9999||||xx |||||||||||||| ||eng||
040 _beng
040 _cIN-NITTTR
041 _aeng
082 _a121.6 S18I
100 _aStalnaker, Robert C.
245 0 _aInquiry /
_cStalnaker, Robert C.
942 _2ddc
_cBK
999 _c17552
_d17552